[Event "Madrid Vicalvaro op"]
[Site "Madrid"]
[Date "2022.05.14"]
[Round "2"]
[White "Reina Cascos, Antonio"]
[Black "Escobar Cabanillas, Alejandro"]
[Result "1-0"]
[WhiteElo "1172"]
[BlackElo "1430"]
[PlyCount "49"]
[EventDate "2022.05.08"]
[EventType "swiss"]
[EventRounds "7"]
[EventCountry "ESP"]
[SourceTitle "EXT 2024"]
[Source "ChessBase"]
[SourceDate "2023.10.10"]
[SourceVersion "1"]
[SourceVersionDate "2023.10.10"]
[SourceQuality "1"]

1. d4 d5 2. Nf3 Nf6 3. e3 e6 4. Bd3 c5 5. c3 Nc6 6. 0-0 Be7 7. Nbd2 0-0 8. Ne5 Qc7 9. f4 Bd6 10. Rf3 Ne7 11. Rh3 Ng6 12. Qe1 Bxe5 13. fxe5 Ng4 14. Qg3 Nh6 15. Nf3 f5 16. Bd2 Qe7 17. Rf1 Bd7 18. Ng5 Rac8 19. Be2 b5 20. Bh5 a5 21. Bxg6 hxg6 22. Rf4 Ng4 23. Rxg4 fxg4 24. Rh8+ Kxh8 25. Qh4+ 1-0